| 000 | 00982cam a2200241 4500 | ||
|---|---|---|---|
| 001 | ##L131754 | ||
| 008 | 051206n2005 000 0 eng u | ||
| 020 | _a1860817513 | ||
| 035 | _a(Sirsi) u131754 | ||
| 041 | 0 | _aeng | |
| 050 | 0 | 4 | _a727.1 69792 $2 18 |
| 100 | 1 | _aKukadia, Vina | |
| 245 | 0 | 0 | _aVentilation and indoor air quality in schools |
| 260 |
_aWatford _bBRE _c2005 |
||
| 300 |
_a8p _bgraphs tables _c30cm |
||
| 490 | 0 |
_aBRE Information Paper _v IP 6/05 |
|
| 520 | _aDiscusses the results of an ODPM study on ventilation and indoor air quality (IAQ) in eight primary school classrooms built post-1995. The study revealed that many of the classrooms did not achieve the minimum background ventilation rate unless windows were opened. IAQ parameters were generally within guidelines. | ||
| 650 | 2 | 4 | _aSCHOOL PREMISES REGULATIONS 1999 |
| 690 | _aPROPERTY-OTHER PROPERTY TYPES-SCHOOL PROPERTY-SCHOOLS | ||
| 700 | 1 | _aAjiboye, P. | |
| 700 | 1 | _aWhite, M. | |
| 942 | _n0 | ||
| 999 |
_c104827 _d104827 |
||